=LDR 00000nam 2200000 4500 =001 INLIS000000000001689 =005 20130612090105 =008 ***********************************Ind** =035 ##$$a0010-061300000001689 =041 ##$$a Ind =082 ##$$a 615.882 =090 ##$$a 615.882, Sar p =100 ##$$a Sartono.R =245 ##$$a Perawatan tubuh dan pengobatan tradisional, R.Sartono =260 ##$$a 1997 $b Semarang =300 ##$$a 244 hlm, ilus, 21 cm =650 ##$$a Obat Tradisional =850 ##$$a NBPNMAT =990 ##$$a 0001/BPAP-NTB/20142014